书目信息 |
| 题名: |
神奇的二十四节气
|
|
| 作者: | 阴岭山 , 鹿存玲 著 | |
| 分册: | ||
| 出版信息: | 南京 南京出版社 2017.10 |
|
| 页数: | 222页 | |
| 开本: | 21cm | |
| 丛书名: | ||
| 单 册: | ||
| 中图分类: | P462-49 | |
| 科图分类: | ||
| 主题词: | 二十四节气--普及读物 | |
| 电子资源: | ||
| ISBN: | 978-7-5533-1913-1 | |
| 000 | 00746nam0 2200229 450 | |
| 001 | 432 | |
| 005 | 20180922114114.60 | |
| 010 | @a978-7-5533-1913-1@dCNY36.00 | |
| 100 | @a20180217d2017 em y0chiy50 ea | |
| 101 | 0 | @achi |
| 102 | @aCN@b320000 | |
| 105 | @aa z 000yy | |
| 200 | 1 | @a神奇的二十四节气@9shen qi de er shi si jie qi@f阴岭山,鹿存玲著 |
| 210 | @a南京@c南京出版社@d2017.10 | |
| 215 | @a222页@c图@d21cm | |
| 330 | @a本书讲述的是一个神奇的古历法,同时也是在讲述一个神奇的民族,以及他们与天地自然圆融共生、和谐相应的神奇文化。 | |
| 606 | 0 | @a二十四节气@j普及读物 |
| 690 | @aP462-49@v5 | |
| 701 | 0 | @a阴岭山@9yin ling shan@4著 |
| 701 | 0 | @a鹿存玲@9lu cun ling@4著 |
| 801 | 0 | @aCN@b91MARC@c20180217 |
| 905 | @aMuseLib@dP462-49@e106 | |
| 神奇的二十四节气/阴岭山,鹿存玲著.-南京:南京出版社,2017.10 |
| 222页:图;21cm |
| ISBN 978-7-5533-1913-1:CNY36.00 |
| 本书讲述的是一个神奇的古历法,同时也是在讲述一个神奇的民族,以及他们与天地自然圆融共生、和谐相应的神奇文化。 |
| ● |
| 相关链接 |
|
|
|
|
正题名:神奇的二十四节气
索取号:P462-49/106
 
预约/预借
| 序号 | 登录号 | 条形码 | 馆藏地/架位号 | 状态 | 备注 |
| 1 | 1119854 | 211198540 | 第二样本阅览室/ [索取号:P462-49/106] | 在馆 | |
| 2 | 1119855 | 211198559 | 第三借阅区/ [索取号:P462-49/106] | 在馆 | |
| 3 | 1119856 | 211198568 | 第三借阅区/ [索取号:P462-49/106] | 在馆 | |
| 4 | 1119857 | 211198577 | 第三借阅区/ [索取号:P462-49/106] | 在馆 | |
| 5 | 1119858 | 211198586 | 第三借阅区/ [索取号:P462-49/106] | 在馆 |